Most Grand Slam Doubles Titles - Statistics

General Stats
  • This quiz has been taken 53 times
  • The average score is 12 of 37
Answer Stats
# Women's Men's Mixed Total Country Answer % Correct
1 31 -- 10 41 Czechoslovakia/ United States Martina Navratilova
90%
13 14 -- 2 16 United States Serena Williams
79%
13 14 -- 2 16 United States Venus Williams
79%
2 -- 16 7 23 United States Bob Bryan
76%
3 -- 18 4 22 United States Mike Bryan
76%
6 13 -- 7 20 Switzerland Martina Hingis
69%
9 10 -- 7 17 Australia Margaret Court
57%
9 10 -- 7 17 United States Billie Jean King
50%
21 5 -- 5 10 Zimbabwe Cara Black
40%
21 -- 9 1 10 United States John McEnroe
38%
3 -- 16 6 22 Australia Todd Woodbridge
38%
19 -- 11 0 11 Australia John Newcombe
36%
8 -- 8 10 18 India Leander Paes
36%
9 -- 12 5 17 Australia Mark Woodforde
36%
21 6 -- 4 10 Spain Arantxa Sanchez Vicario
33%
21 -- 6 4 10 Belarus Max Mirnyi
33%
6 18 -- 2 20 USSR/ Belarus Natasha Zvereva
31%
13 12 -- 4 16 Czechoslovakia/ Czech Republic Jana Novotna
29%
3 21 -- 1 22 United States Pam Shriver
29%
27 -- 4 5 9 Australia/ South Africa Bob Hewitt
26%
17 -- 8 4 12 Canada Daniel Nestor
26%
16 9 -- 5 14 Czechoslovakia/ Czech Republic Helena Suková
26%
9 17 -- 0 17 Peurto Rico/ United States Gigi Fernández
24%
27 -- 9 0 9 Sweden Jonas Bjorkman
24%
21 5 -- 5 10 United States Lisa Raymond
24%
17 -- 4 8 12 India Mahesh Bhupathi
19%
35 -- 3 5 8 FR Yugoslavia/ Serbia Nenad Zimonjić
17%
27 -- 8 1 9 Australia Tony Roche
14%
35 -- 8 0 8 Sweden Anders Järryd
12%
35 8 -- 0 8 Argentina Paola Suárez
12%
27 5 -- 4 9 United States Bethanie Mattek-Sands
10%
27 4 -- 5 9 Australia Wendy Turnbull
10%
21 6 -- 4 10 Netherlands Betty Stove
7%
27 -- 7 2 9 Australia John Fitzgerald
7%
19 10 -- 1 11 Spain Virginia Ruano Pascual
7%
27 -- 5 4 9 United States Rick Leach
5%
27 6 -- 3 9 United States Rosemary Casals
5%
No matching quizzes found
Score Distribution
Percent of People with Each Score
Percentile by Number Answered
Your Score History
You have not taken this quiz